20 Countries with relatively Southernmost Capital - Statistics

General Stats
  • This quiz has been taken 58 times
  • The average score is 9 of 20
Answer Stats
D / R COUNTRY % Correct
1.45 Finland
85%
2.62 Norway
83%
0.98 Canada
80%
1.00 Sweden
70%
0.64 Greece
59%
0.96 Ghana
50%
1.90 Mozambique
50%
0.68 Niger
50%
1.99 Togo
50%
1.82 Benin
48%
0.94 Uruguay
48%
0.82 Mali
41%
0.63 Portugal
41%
1.14 Republic of the Congo
41%
0.98 Somalia
30%
0.65 Paraguay
26%
0.78 South Sudan
20%
0.65 Syria
17%
0.65 Guatemala
13%
0.65 Luxembourg
7%
No matching quizzes found
Score Distribution
Percent of People with Each Score
Percentile by Number Answered
Your Score History
You have not taken this quiz